00746nam a2200265Ia 4500001000700000003000500007008004100012010001100053020002200064040000900086082001500095100003600110245007500146260004800221300001100269503000800280650003200288901001500320902000600335910000900341942000600350942000700356999001900363952009800382Z_5877CHAP220113s2009 xx 000 0 und d a169086 a978-607-448-016-0 cCHAP a636.007 T7 aTrueta Santiago, Rafael9115375 aProyectos ganaderos : teoría y práctica /cRafael Trueta Santiago aMéxico, D.F. :bEl Manual Moderno,c2009 a291 p. ac/e aProyectos ganaderos9143404 a636.007 T7 aA a2009 c1 cc1 c169086d169086 00102ddc40708GRALaZbZc1d2009-11-09pz_5784r2022-01-18 00:00:00t1w2022-01-18yLIBRO